International law update

Detalles Bibliográficos
Formato: Desconocido
Lenguaje:inglés
Publicado: Washington, D.C. : Transnational Law Associates
Materias:
Acceso en línea:Acceso restringido

MARC

LEADER 00000ny a22000003n 4500
003 EbpS
005 20110509122357.0
006 m d ||||||
007 cr anunnnuuuaa
008 951222c19959999us mr p v 0 a0eng d
022 0 |a 1089-5450 
035 |a 2019 
040 |d vlex 
050 1 4 |a K9  |b .N8525 
050 1 4 |a K9  |b .N8525 
080 |a 341(0.034) 
090 |c 1439  |d 1439 
245 3 0 |a International law update  |h [Recurso electrn̤ico] 
256 |a Servicio en ln̕ea 
260 |a Washington, D.C. :  |b Transnational Law Associates 
310 |a Mensual 
506 1 |a Contenido solo disponible en los productos indicados  |d vLex Global  |d vLex Global (Academic Edition, excluding Law Schools)  |d vLex Global (U.S. Academic Edition, Law Schools)  |d vLex Global (U.S. Academic Edition, excluding Law Schools)  |d vLex Global (Academic Edition, Law Schools) 
650 |a Derecho internacional  |2 Tesauro vLex 
650 |a Civil  |2 Tesauro vLex 
650 |a Derecho internacional privado  |2 Tesauro vLex 
650 |a Fuentes del derecho Civil  |2 Tesauro vLex 
740 0 |a vLex Revista (Servicios en ln̕ea) 
843 |a Electrn̤ica. Abierta 
853 |8 1  |i (year)  |j (month)  |k (day) 
856 4 0 |u http://vlex.com/source/2019  |z Acceso restringido 
942 |c REV 
999 |a Periodical 
999 |a International law  |v Periodicals